| 000 | 00945nam a22002897a 4500 | ||
|---|---|---|---|
| 001 | BR8104730 | ||
| 003 | BR-BrBNA | ||
| 005 | 20230928091023.0 | ||
| 007 | ta | ||
| 008 | 230509b bl.||||| |||| 00| 0 por d | ||
| 040 |
_aBR-BrBNA _bpor _cBiblioteca Nacional de Agricultura |
||
| 041 | _a(Por) | ||
| 072 |
_aF25; E10; E70 _b3830 _b/G514 |
||
| 090 | _ 3830 BR8104730 | ||
| 110 | 1 |
_aInstituto Brasileiro do Fosfato, Rio de Janeiro, RJ _95908 |
|
| 111 | 1 |
_a2. Encontro Nacional de Rocha Fosfatica _cBrasilia, DF (Brazil) _d8 Apr 1981 |
|
| 245 | 1 | _a2. Encontro Nacional de Rocha Fosfatica [Fertilizante fosfatado; Empresa agricola; Transporte rodoviario; Brasil] | |
| 260 | 3 |
_aRio de Janeiro, RJ (Brasil): _c1981. |
|
| 300 | _a306 p. | ||
| 650 | _aFERTILIZANTE FOSFATADO | ||
| 650 | _aROCHA | ||
| 650 | _aFOSFATO | ||
| 650 | _aEMPRESA AGRICOLA | ||
| 650 | _aTRANSPORTE RODOVIARIO | ||
| 909 |
_a202309 _bLucia _c55 _dLucia Elande |
||
| 942 | _cBK | ||
| 999 |
_c31789 _d31789 |
||